[Event "Stay Safe Play From Home 280"]
[Site "Emanuel Lasker Arena"]
[Date "2020.07.06"]
[Round "7"]
[White "Lamborghini"]
[Black "little champs"]
[Result "0-1"]
[WhiteElo "2247"]
[BlackElo "2296"]
[PlyCount "130"]
[EventDate "2020.07.06"]
[EventType "swiss (blitz)"]

1. e4 {[%emt 0:00:01]} c6 {[%emt 0:00:01]} 2. d3 {[%emt 0:00:01]} d5 {[%emt 0:00:00]} 3. Nd2 {[%emt 0:00:00]} dxe4 {[%emt 0:00:00]} 4. dxe4 {[%emt 0:00:00]} Nf6 {[%emt 0:00:00]} 5. Ngf3 {[%emt 0:00:00]} g6 {[%emt 0:00:00]} 6. h3 {[%emt 0:00:01]} Bg7 {[%emt 0:00:00]} 7. g3 {[%emt 0:00:01]} O-O {[%emt 0:00:00]} 8. Bg2 {[%emt 0:00:00]} Nbd7 {[%emt 0:00:00]} 9. O-O {[%emt 0:00:01]} Qc7 {[%emt 0:00:00]} 10. Nc4 {[%emt 0:00:02]} Rd8 {[%emt 0:00:02]} 11. Qe2 {[%emt 0:00:02]} b5 {[%emt 0:00:03]} 12. Ncd2 {[%emt 0:00:03]} e5 {[%emt 0:00:00]} 13. b3 {[%emt 0:00:02]} Nf8 {[%emt 0:00:00]} 14. Bb2 {[%emt 0:00:01]} a5 {[%emt 0:00:00]} 15. Bxe5 {[%emt 0:00:02]} Qa7 {[%emt 0:00:01]} 16. c4 {[%emt 0:00:03]} Ba6 {[%emt 0:00:01]} 17. cxb5 {[%emt 0:00:01]} Bxb5 {[%emt 0:00:01]} 18. Nc4 {[%emt 0:00:02]} Ne6 {[%emt 0:00:00]} 19. Rfd1 {[%emt 0:00:01]} Qc5 {[%emt 0:00:01]} 20. Bd6 {[%emt 0:00:01]} Qa7 {[%emt 0:00:04]} 21. e5 {[%emt 0:00:01]} Ne8 {[%emt 0:00:01]} 22. Qe3 {[%emt 0:00:03]} Qb7 {[%emt 0:00:02]} 23. Ng5 {[%emt 0:00:02]} Bxc4 {[%emt 0:00:02]} 24. bxc4 {[%emt 0:00:01]} Bh6 {[%emt 0:00:05]} 25. h4 {[%emt 0:00:02]} Nxg5 {[%emt 0:00:01]} 26. hxg5 {[%emt 0:00:01]} Bg7 {[%emt 0:00:00]} 27. c5 {[%emt 0:00:00]} a4 {[%emt 0:00:03]} 28. Rab1 {[%emt 0:00:01]} Qd7 {[%emt 0:00:02]} 29. e6 {[%emt 0:00:01]} fxe6 {[%emt 0:00:02]} 30. Qe4 {[%emt 0:00:02]} Qf7 {[%emt 0:00:01]} 31. Qxc6 {[%emt 0:00:01]} Rac8 {[%emt 0:00:02]} 32. Qe4 {[%emt 0:00:01]} e5 {[%emt 0:00:01]} 33. Qe2 {[%emt 0:00:03]} Kh8 {[%emt 0:00:01]} 34. Bd5 {[%emt 0:00:02]} Qf5 {[%emt 0:00:01]} 35. Kg2 {[%emt 0:00:01]} Qxg5 {[%emt 0:00:00]} 36. Rh1 {[%emt 0:00:02]} Nf6 {[%emt 0:00:01]} 37. Bf3 {[%emt 0:00:01]} e4 {[%emt 0:00:01]} 38. Bxe4 {[%emt 0:00:01]} Re8 {[%emt 0:00:01]} 39. f3 {[%emt 0:00:02]} Nxe4 {[%emt 0:00:00]} 40. fxe4 {[%emt 0:00:00]} Re6 {[%emt 0:00:01]} 41. e5 {[%emt 0:00:01]} Rce8 {[%emt 0:00:01]} 42. Rbe1 {[%emt 0:00:00]} Bxe5 {[%emt 0:00:01]} 43. Qf3 {[%emt 0:00:00]} Qd2+ {[%emt 0:00:02]} 44. Re2 {[%emt 0:00:01]} Qd4 {[%emt 0:00:01]} 45. Bxe5+ {[%emt 0:00:00]} Rxe5 {[%emt 0:00:01]} 46. Qf6+ {[%emt 0:00:00]} Kg8 {[%emt 0:00:01]} 47. Rxe5 {[%emt 0:00:01]} Qxe5 {[%emt 0:00:00]} 48. Qxe5 {[%emt 0:00:01]} Rxe5 {[%emt 0:00:00]} 49. Rc1 {[%emt 0:00:01]} Re2+ {[%emt 0:00:00]} 50. Kh3 {[%emt 0:00:00]} Kf8 {[%emt 0:00:00]} 51. Kg4 {[%emt 0:00:00]} Ke8 {[%emt 0:00:00]} 52. Kf4 {[%emt 0:00:00]} Kd7 {[%emt 0:00:00]} 53. Kf3 {[%emt 0:00:00]} Rxa2 {[%emt 0:00:01]} 54. Kf4 {[%emt 0:00:01]} Kc6 {[%emt 0:00:01]} 55. Ke5 {[%emt 0:00:00]} Rb2 {[%emt 0:00:01]} 56. Kf6 {[%emt 0:00:00]} Rg2 {[%emt 0:00:00]} 57. Kg7 {[%emt 0:00:00]} Rxg3 {[%emt 0:00:00]} 58. Kf6 {[%emt 0:00:00]} a3 {[%emt 0:00:00]} 59. Ra1 {[%emt 0:00:00]} h5 {[%emt 0:00:00]} 60. Ra2 {[%emt 0:00:01]} h4 {[%emt 0:00:00]} 61. Ke5 {[%emt 0:00:00]} h3 {[%emt 0:00:00]} 62. Kf4 {[%emt 0:00:00]} Rg2 {[%emt 0:00:00]} 63. Rxa3 {[%emt 0:00:00]} h2 {[%emt 0:00:01]} 64. Rh3 {[%emt 0:00:00]} g5+ {[%emt 0:00:00]} 65. Kf3 {[%emt 0:00:00]} g4+ {[%emt 0:00:00] Zeit (Lag: Av=0.83s, max=5.4s)} 0-1

[Event "Stay Safe Play From Home 280"]
[Site "Emanuel Lasker Arena"]
[Date "2020.07.06"]
[Round "7"]
[White "Weltszmerc"]
[Black "Mepe_Nika"]
[Result "0-1"]
[WhiteElo "2114"]
[BlackElo "2368"]
[PlyCount "94"]
[EventDate "2020.07.06"]
[EventType "swiss (blitz)"]

1. d4 {[%emt 0:00:01]} d5 {[%emt 0:00:01]} 2. c4 {[%emt 0:00:00]} c6 {[%emt 0:00:00]} 3. Nf3 {[%emt 0:00:00]} Nf6 {[%emt 0:00:00]} 4. g3 {[%emt 0:00:00]} Bf5 {[%emt 0:00:00]} 5. Qb3 {[%emt 0:00:00]} Qb6 {[%emt 0:00:01]} 6. cxd5 {[%emt 0:00:00]} cxd5 {[%emt 0:00:01]} 7. Qxb6 {[%emt 0:00:01]} axb6 {[%emt 0:00:01]} 8. Nc3 {[%emt 0:00:00]} Nc6 {[%emt 0:00:01]} 9. Bg2 {[%emt 0:00:01]} e6 {[%emt 0:00:01]} 10. O-O {[%emt 0:00:01]} Be7 {[%emt 0:00:01]} 11. Ne5 {[%emt 0:00:02]} O-O {[%emt 0:00:01]} 12. Nb5 {[%emt 0:00:02]} Nxe5 {[%emt 0:00:02]} 13. dxe5 {[%emt 0:00:00]} Nd7 {[%emt 0:00:01]} 14. f4 {[%emt 0:00:01]} Rfc8 {[%emt 0:00:02]} 15. Bd2 {[%emt 0:00:03]} Rc2 {[%emt 0:00:03]} 16. Bc3 {[%emt 0:00:01]} Rxe2 {[%emt 0:00:01]} 17. Rfe1 {[%emt 0:00:00]} Rxe1+ {[%emt 0:00:01]} 18. Rxe1 {[%emt 0:00:01]} Rxa2 {[%emt 0:00:01]} 19. Nd6 {[%emt 0:00:02]} Nc5 {[%emt 0:00:03]} 20. Nxf5 {[%emt 0:00:02]} exf5 {[%emt 0:00:00]} 21. Bxd5 {[%emt 0:00:01]} Kf8 {[%emt 0:00:01]} 22. Re2 {[%emt 0:00:05]} Ra1+ {[%emt 0:00:02]} 23. Kf2 {[%emt 0:00:01]} Ne6 {[%emt 0:00:01]} 24. Bxb7 {[%emt 0:00:02]} Bc5+ {[%emt 0:00:01]} 25. Kg2 {[%emt 0:00:01]} g5 {[%emt 0:00:01]} 26. Re1 {[%emt 0:00:03]} Rxe1 {[%emt 0:00:01]} 27. Bxe1 {[%emt 0:00:01]} gxf4 {[%emt 0:00:00]} 28. Bd5 {[%emt 0:00:01]} fxg3 {[%emt 0:00:02]} 29. Bxe6 {[%emt 0:00:01]} fxe6 {[%emt 0:00:01]} 30. hxg3 {[%emt 0:00:01]} Bd4 {[%emt 0:00:01]} 31. b4 {[%emt 0:00:01]} Bxe5 {[%emt 0:00:01]} 32. b5 {[%emt 0:00:01]} Kf7 {[%emt 0:00:01]} 33. Bf2 {[%emt 0:00:01]} Bc7 {[%emt 0:00:00]} 34. Kf3 {[%emt 0:00:00]} e5 {[%emt 0:00:00]} 35. g4 {[%emt 0:00:01]} e4+ {[%emt 0:00:01]} 36. Ke3 {[%emt 0:00:00]} fxg4 {[%emt 0:00:01]} 37. Kxe4 {[%emt 0:00:01]} h5 {[%emt 0:00:01]} 38. Kf5 {[%emt 0:00:01]} g3 {[%emt 0:00:01]} 39. Bg1 {[%emt 0:00:00]} h4 {[%emt 0:00:01]} 40. Kg4 {[%emt 0:00:00]} Bd8 {[%emt 0:00:00]} 41. Kh3 {[%emt 0:00:01]} Ke6 {[%emt 0:00:00]} 42. Be3 {[%emt 0:00:02]} Kd5 {[%emt 0:00:01]} 43. Bxb6 {[%emt 0:00:01]} Bxb6 {[%emt 0:00:02]} 44. Kxh4 {[%emt 0:00:00]} g2 {[%emt 0:00:01]} 45. Kh3 {[%emt 0:00:00]} g1=Q {[%emt 0:00:01]} 46. Kh4 {[%emt 0:00:00]} Be3 {[%emt 0:00:03]} 47. Kh5 {[%emt 0:00:00]} Qg5# {[%emt 0:00:01] (Lag: Av=0.97s, max=6.0s)} 0-1

[Event "Stay Safe Play From Home 280"]
[Site "Emanuel Lasker Arena"]
[Date "2020.07.06"]
[Round "7"]
[White "Bardellosport"]
[Black "GIULIO19031975"]
[Result "1-0"]
[WhiteElo "2022"]
[BlackElo "1803"]
[Annotator "NA"]
[PlyCount "57"]
[EventDate "2020.07.06"]
[EventType "swiss (blitz)"]

1. c4 {[%emt 0:00:03]} c5 {[%emt 0:00:01]} 2. g3 {[%emt 0:00:00]} Nf6 {[%emt 0:00:01]} 3. Bg2 {[%emt 0:00:00]} e6 {[%emt 0:00:00]} 4. Nc3 {[%emt 0:00:00]} Be7 {[%emt 0:00:00]} 5. e4 {[%emt 0:00:01]} O-O {[%emt 0:00:01]} 6. f4 {[%emt 0:00:01]} d5 {[%emt 0:00:00]} 7. exd5 {[%emt 0:00:01]} exd5 {[%emt 0:00:01]} 8. cxd5 {[%emt 0:00:00]} Bd6 {[%emt 0:00:01]} 9. Nf3 {[%emt 0:00:01]} Bg4 {[%emt 0:00:01]} 10. O-O {[%emt 0:00:01]} Nbd7 {[%emt 0:00:01]} 11. h3 {[%emt 0:00:01]} Bf5 {[%emt 0:00:02]} 12. g4 {[%emt 0:00:01]} Bd3 {[%emt 0:00:01]} 13. Rf2 {[%emt 0:00:01]} Bxf4 {[%emt 0:00:01]} 14. Ne1 {[%emt 0:00:03]} Bg3 {[%emt 0:00:01]} 15. Nxd3 {[%emt 0:00:01]} Bxf2+ {[%emt 0:00:01]} 16. Nxf2 {[%emt 0:00:00]} c4 {[%emt 0:00:01]} 17. d4 {[%emt 0:00:01]} cxd3 {[%emt 0:00:01]} 18. Qxd3 {[%emt 0:00:01]} Nc5 {[%emt 0:00:01]} 19. Qc2 {[%emt 0:00:02]} Re8 {[%emt 0:00:01]} 20. Bg5 {[%emt 0:00:01]} Qd6 {[%emt 0:00:02]} 21. Rd1 {[%emt 0:00:01]} Re7 {[%emt 0:00:07]} 22. Bxf6 {[%emt 0:00:01]} Qxf6 {[%emt 0:00:01]} 23. Nce4 {[%emt 0:00:01]} Nxe4 {[%emt 0:00:01]} 24. Nxe4 {[%emt 0:00:00]} Qh4 {[%emt 0:00:03]} 25. d6 {[%emt 0:00:01]} Rd7 {[%emt 0:00:06]} 26. Rc1 {[%emt 0:00:03]} h5 {[%emt 0:00:01]} 27. g5 {[%emt 0:00:03]} Rad8 {[%emt 0:00:03]} 28. Qf2 {[%emt 0:00:03]} g6 {[%emt 0:00:03]} 29. Qxh4 {[%emt 0:00:01] GIULIO19031975 abbandona (Lag: Av=3.81s, max=6.8s)} 1-0

[Event "Stay Safe Play From Home 280"]
[Site "Emanuel Lasker Arena"]
[Date "2020.07.06"]
[Round "7"]
[White "Ironmike"]
[Black "Greblha"]
[Result "1/2-1/2"]
[WhiteElo "1969"]
[BlackElo "1913"]
[PlyCount "144"]
[EventDate "2020.07.06"]
[EventType "swiss (blitz)"]
[WhiteTeam "SV Horst-Emscher I"]

{Dönges, Dirk (1820)} 1. e3 {[%emt 0:00:01]} c6 {[%emt 0:00:01]} 2. Nf3 {[%emt 0:00:00]} d5 {[%emt 0:00:00]} 3. d4 {[%emt 0:00:00]} g6 {[%emt 0:00:00]} 4. Bd3 {[%emt 0:00:01]} Bg7 {[%emt 0:00:00]} 5. Kf1 {[%emt 0:00:01]} Nf6 {[%emt 0:00:00]} 6. h3 {[%emt 0:00:01]} O-O {[%emt 0:00:00]} 7. Nbd2 {[%emt 0:00:02]} Nbd7 {[%emt 0:00:00]} 8. e4 {[%emt 0:00:00]} Re8 {[%emt 0:00:01]} 9. e5 {[%emt 0:00:01]} Nh5 {[%emt 0:00:01]} 10. Kg1 {[%emt 0:00:01]} Nf4 {[%emt 0:00:01]} 11. Kh2 {[%emt 0:00:02]} Nxd3 {[%emt 0:00:01]} 12. cxd3 {[%emt 0:00:00]} c5 {[%emt 0:00:01]} 13. Re1 {[%emt 0:00:01]} cxd4 {[%emt 0:00:01]} 14. Nxd4 {[%emt 0:00:01]} e6 {[%emt 0:00:00]} 15. f3 {[%emt 0:00:00]} Nb6 {[%emt 0:00:01]} 16. f4 {[%emt 0:00:01]} Bd7 {[%emt 0:00:01]} 17. N4f3 {[%emt 0:00:00]} Rc8 {[%emt 0:00:01]} 18. d4 {[%emt 0:00:00]} Nc4 {[%emt 0:00:01]} 19. Nxc4 {[%emt 0:00:01]} Rxc4 {[%emt 0:00:01]} 20. Be3 {[%emt 0:00:00]} b5 {[%emt 0:00:01]} 21. Rc1 {[%emt 0:00:00]} Qb6 {[%emt 0:00:01]} 22. b3 {[%emt 0:00:01]} Rxc1 {[%emt 0:00:01]} 23. Qxc1 {[%emt 0:00:00]} Rc8 {[%emt 0:00:01]} 24. Qd2 {[%emt 0:00:00]} Rc6 {[%emt 0:00:01]} 25. Rc1 {[%emt 0:00:00]} Qc7 {[%emt 0:00:01]} 26. Rxc6 {[%emt 0:00:00]} Qxc6 {[%emt 0:00:00]} 27. Ng5 {[%emt 0:00:02]} h6 {[%emt 0:00:01]} 28. Nf3 {[%emt 0:00:00]} a6 {[%emt 0:00:01]} 29. g4 {[%emt 0:00:01]} Bf8 {[%emt 0:00:01]} 30. h4 {[%emt 0:00:00]} Ba3 {[%emt 0:00:01]} 31. h5 {[%emt 0:00:01]} Kg7 {[%emt 0:00:01]} 32. hxg6 {[%emt 0:00:01]} fxg6 {[%emt 0:00:01]} 33. f5 {[%emt 0:00:00]} exf5 {[%emt 0:00:01]} 34. gxf5 {[%emt 0:00:00]} Bxf5 {[%emt 0:00:01]} 35. Nh4 {[%emt 0:00:01]} h5 {[%emt 0:00:02]} 36. Nxf5+ {[%emt 0:00:01]} gxf5 {[%emt 0:00:01]} 37. Qg2+ {[%emt 0:00:01]} Qg6 {[%emt 0:00:01]} 38. Qxd5 {[%emt 0:00:01]} Be7 {[%emt 0:00:05]} 39. e6 {[%emt 0:00:01]} f4 {[%emt 0:00:01]} 40. Bxf4 {[%emt 0:00:02]} Qc2+ {[%emt 0:00:01]} 41. Kh3 {[%emt 0:00:01]} Qd3+ {[%emt 0:00:01]} 42. Kg2 {[%emt 0:00:00]} Qe2+ {[%emt 0:00:01]} 43. Kg3 {[%emt 0:00:00]} Qg4+ {[%emt 0:00:01]} 44. Kf2 {[%emt 0:00:02]} Qxf4+ {[%emt 0:00:01]} 45. Qf3 {[%emt 0:00:00]} Qxf3+ {[%emt 0:00:01]} 46. Kxf3 {[%emt 0:00:00]} Kf6 {[%emt 0:00:00]} 47. Ke4 {[%emt 0:00:00]} h4 {[%emt 0:00:01]} 48. d5 {[%emt 0:00:00]} h3 {[%emt 0:00:01]} 49. Kf3 {[%emt 0:00:01]} Ke5 {[%emt 0:00:01]} 50. Kg3 {[%emt 0:00:01]} Kxd5 {[%emt 0:00:01]} 51. Kxh3 {[%emt 0:00:00]} Kxe6 {[%emt 0:00:01]} 52. Kg4 {[%emt 0:00:00]} Kd5 {[%emt 0:00:00]} 53. Kf3 {[%emt 0:00:00]} Kd4 {[%emt 0:00:00]} 54. Ke2 {[%emt 0:00:00]} Kc3 {[%emt 0:00:00]} 55. Kd1 {[%emt 0:00:01]} Kb2 {[%emt 0:00:01]} 56. Kd2 {[%emt 0:00:00]} Kxa2 {[%emt 0:00:01]} 57. Kc3 {[%emt 0:00:00]} b4+ {[%emt 0:00:02]} 58. Kc2 {[%emt 0:00:01]} Ka3 {[%emt 0:00:01]} 59. Kb1 {[%emt 0:00:01]} Kxb3 {[%emt 0:00:00]} 60. Ka1 {[%emt 0:00:01]} a5 {[%emt 0:00:00]} 61. Kb1 {[%emt 0:00:00]} a4 {[%emt 0:00:00]} 62. Kc1 {[%emt 0:00:00]} a3 {[%emt 0:00:00]} 63. Kd2 {[%emt 0:00:01]} a2 {[%emt 0:00:00]} 64. Ke3 {[%emt 0:00:00]} a1=Q {[%emt 0:00:00]} 65. Ke4 {[%emt 0:00:00]} Qf6 {[%emt 0:00:01]} 66. Kd5 {[%emt 0:00:01]} Qd6+ {[%emt 0:00:02]} 67. Ke4 {[%emt 0:00:00]} Kc4 {[%emt 0:00:01]} 68. Kf5 {[%emt 0:00:00]} b3 {[%emt 0:00:00]} 69. Ke4 {[%emt 0:00:00]} b2 {[%emt 0:00:00]} 70. Kf5 {[%emt 0:00:00]} b1=Q+ {[%emt 0:00:00]} 71. Kg4 {[%emt 0:00:01]} Qe4+ {[%emt 0:00:01]} 72. Kh3 {[%emt 0:00:02]} Qeg6 {[%emt 0:00:02] (Lag: Av=0.46s, max=5.2s)} 1/2-1/2

[Event "Stay Safe Play From Home 280"]
[Site "Emanuel Lasker Arena"]
[Date "2020.07.06"]
[Round "7"]
[White "NeatFox"]
[Black "VotaryRoma"]
[Result "0-1"]
[WhiteElo "1948"]
[BlackElo "2144"]
[PlyCount "128"]
[EventDate "2020.07.06"]
[EventType "swiss (blitz)"]

1. g4 {[%emt 0:00:02]} d5 {[%emt 0:00:02]} 2. Bg2 {[%emt 0:00:00]} e5 {[%emt 0:00:03]} 3. c4 {[%emt 0:00:00]} d4 {[%emt 0:00:02]} 4. d3 {[%emt 0:00:02]} c6 {[%emt 0:00:01]} 5. Qb3 {[%emt 0:00:00]} Nd7 {[%emt 0:00:01]} 6. h3 {[%emt 0:00:02]} Nc5 {[%emt 0:00:00]} 7. Qd1 {[%emt 0:00:00]} f5 {[%emt 0:00:01]} 8. b4 {[%emt 0:00:00]} Na6 {[%emt 0:00:02]} 9. gxf5 {[%emt 0:00:01]} Bxb4+ {[%emt 0:00:02]} 10. Bd2 {[%emt 0:00:01]} Qa5 {[%emt 0:00:00]} 11. Bxb4 {[%emt 0:00:01]} Qxb4+ {[%emt 0:00:00]} 12. Qd2 {[%emt 0:00:00]} Qxd2+ {[%emt 0:00:01]} 13. Nxd2 {[%emt 0:00:02]} Bxf5 {[%emt 0:00:00]} 14. Rb1 {[%emt 0:00:02]} O-O-O {[%emt 0:00:03]} 15. Ne4 {[%emt 0:00:01]} Bxe4 {[%emt 0:00:01]} 16. Bxe4 {[%emt 0:00:01]} Nf6 {[%emt 0:00:00]} 17. Bf5+ {[%emt 0:00:02]} Kc7 {[%emt 0:00:01]} 18. Nf3 {[%emt 0:00:00]} g6 {[%emt 0:00:00]} 19. Bg4 {[%emt 0:00:01]} Rhe8 {[%emt 0:00:03]} 20. Ng5 {[%emt 0:00:02]} Rd6 {[%emt 0:00:05]} 21. Bf3 {[%emt 0:00:05]} Re7 {[%emt 0:00:03]} 22. Ne4 {[%emt 0:00:01]} Nxe4 {[%emt 0:00:01]} 23. Bxe4 {[%emt 0:00:00]} Nc5 {[%emt 0:00:00]} 24. Bf3 {[%emt 0:00:01]} e4 {[%emt 0:00:01]} 25. dxe4 {[%emt 0:00:01]} Nxe4 {[%emt 0:00:00]} 26. Bxe4 {[%emt 0:00:01]} Rxe4 {[%emt 0:00:00]} 27. Kd2 {[%emt 0:00:01]} Rde6 {[%emt 0:00:01]} 28. Rhe1 {[%emt 0:00:01]} c5 {[%emt 0:00:00]} 29. Rb3 {[%emt 0:00:01]} b6 {[%emt 0:00:01]} 30. Rf3 {[%emt 0:00:01]} R4e5 {[%emt 0:00:03]} 31. Rf7+ {[%emt 0:00:01]} Re7 {[%emt 0:00:00]} 32. Rxe7+ {[%emt 0:00:00]} Rxe7 {[%emt 0:00:00]} 33. Kd3 {[%emt 0:00:00]} Kd6 {[%emt 0:00:00]} 34. Rg1 {[%emt 0:00:01]} Rf7 {[%emt 0:00:01]} 35. Rg2 {[%emt 0:00:01]} Rf4 {[%emt 0:00:01]} 36. f3 {[%emt 0:00:01]} Rh4 {[%emt 0:00:00]} 37. Rg3 {[%emt 0:00:01]} a6 {[%emt 0:00:01]} 38. Kd2 {[%emt 0:00:01]} b5 {[%emt 0:00:01]} 39. Kd3 {[%emt 0:00:01]} bxc4+ {[%emt 0:00:02]} 40. Kxc4 {[%emt 0:00:00]} Ke5 {[%emt 0:00:00]} 41. Kd3 {[%emt 0:00:00]} Kd5 {[%emt 0:00:01]} 42. Rg5+ {[%emt 0:00:01]} Kd6 {[%emt 0:00:00]} 43. Rg3 {[%emt 0:00:01]} Rh5 {[%emt 0:00:00]} 44. Rg4 {[%emt 0:00:01]} Kd5 {[%emt 0:00:01]} 45. Rg3 {[%emt 0:00:01]} c4+ {[%emt 0:00:00]} 46. Kd2 {[%emt 0:00:01]} Kc5 {[%emt 0:00:00]} 47. e3 {[%emt 0:00:01]} d3 {[%emt 0:00:01]} 48. e4 {[%emt 0:00:01]} Kb4 {[%emt 0:00:00]} 49. f4 {[%emt 0:00:02]} Ra5 {[%emt 0:00:00]} 50. Ke3 {[%emt 0:00:01]} Rxa2 {[%emt 0:00:01]} 51. e5 {[%emt 0:00:00]} Re2+ {[%emt 0:00:00]} 52. Kf3 {[%emt 0:00:01]} Re1 {[%emt 0:00:00]} 53. Rg2 {[%emt 0:00:01]} c3 {[%emt 0:00:01]} 54. Kf2 {[%emt 0:00:01]} d2 {[%emt 0:00:00]} 55. Rg3 {[%emt 0:00:02]} d1=Q {[%emt 0:00:00]} 56. Re3 {[%emt 0:00:01]} Rxe3 {[%emt 0:00:01]} 57. Kxe3 {[%emt 0:00:00]} c2 {[%emt 0:00:00]} 58. Ke4 {[%emt 0:00:01]} c1=Q {[%emt 0:00:00]} 59. e6 {[%emt 0:00:01]} Qcc2+ {[%emt 0:00:00]} 60. Ke5 {[%emt 0:00:00]} Qdd3 {[%emt 0:00:01]} 61. Kf6 {[%emt 0:00:00]} Qcc3+ {[%emt 0:00:01]} 62. Kf7 {[%emt 0:00:00]} Qf5+ {[%emt 0:00:01]} 63. Ke7 {[%emt 0:00:01]} Qc7+ {[%emt 0:00:01]} 64. Ke8 {[%emt 0:00:01]} Qxe6+ {[%emt 0:00:00] Zeit (Lag: Av=0.47s, max=4.6s)} 0-1

[Event "Stay Safe Play From Home 280"]
[Site "Emanuel Lasker Arena"]
[Date "2020.07.06"]
[Round "7"]
[White "Justwatch"]
[Black "Haris kollari 13"]
[Result "1-0"]
[WhiteElo "1681"]
[BlackElo "1793"]
[Annotator "NA"]
[PlyCount "87"]
[EventDate "2020.07.06"]
[EventType "swiss (blitz)"]

1. e3 {[%emt 0:00:01]} e5 {[%emt 0:00:01]} 2. d4 {[%emt 0:00:00]} exd4 {[%emt 0:00:02]} 3. Qxd4 {[%emt 0:00:00]} d5 {[%emt 0:00:01]} 4. Qd1 {[%emt 0:00:00]} c6 {[%emt 0:00:01]} 5. Nf3 {[%emt 0:00:00]} Bg4 {[%emt 0:00:01]} 6. Nc3 {[%emt 0:00:00]} Bd6 {[%emt 0:00:01]} 7. Be2 {[%emt 0:00:00]} Nf6 {[%emt 0:00:01]} 8. h3 {[%emt 0:00:00]} Bh5 {[%emt 0:00:01]} 9. Nd4 {[%emt 0:00:00]} Bxe2 {[%emt 0:00:03]} 10. Ndxe2 {[%emt 0:00:00]} O-O {[%emt 0:00:01]} 11. Bd2 {[%emt 0:00:00]} Re8 {[%emt 0:00:01]} 12. Nd4 {[%emt 0:00:00]} c5 {[%emt 0:00:01]} 13. Nf3 {[%emt 0:00:01]} Nc6 {[%emt 0:00:02]} 14. O-O {[%emt 0:00:02]} a6 {[%emt 0:00:01]} 15. Ne2 {[%emt 0:00:01]} Ne4 {[%emt 0:00:03]} 16. Bc3 {[%emt 0:00:02]} Nxc3 {[%emt 0:00:02]} 17. Nxc3 {[%emt 0:00:00]} b5 {[%emt 0:00:03]} 18. Nxd5 {[%emt 0:00:01]} Ne5 {[%emt 0:00:02]} 19. Nxe5 {[%emt 0:00:03]} Rxe5 {[%emt 0:00:01]} 20. Nf4 {[%emt 0:00:01]} Re8 {[%emt 0:00:04]} 21. Qh5 {[%emt 0:00:01]} Bxf4 {[%emt 0:00:03]} 22. exf4 {[%emt 0:00:01]} Qd2 {[%emt 0:00:01]} 23. Qf5 {[%emt 0:00:02]} Re7 {[%emt 0:00:03]} 24. Rad1 {[%emt 0:00:02]} Qa5 {[%emt 0:00:02]} 25. Rd7 {[%emt 0:00:01]} Rxd7 {[%emt 0:00:03]} 26. Qxd7 {[%emt 0:00:00]} Qxa2 {[%emt 0:00:01]} 27. Qc6 {[%emt 0:00:06]} Rf8 {[%emt 0:00:01]} 28. Qxc5 {[%emt 0:00:01]} Qxb2 {[%emt 0:00:01]} 29. f5 {[%emt 0:00:02]} a5 {[%emt 0:00:01]} 30. h4 {[%emt 0:00:02]} a4 {[%emt 0:00:01]} 31. h5 {[%emt 0:00:02]} h6 {[%emt 0:00:01]} 32. c4 {[%emt 0:00:03]} b4 {[%emt 0:00:02]} 33. Qe3 {[%emt 0:00:02]} a3 {[%emt 0:00:01]} 34. Rc1 {[%emt 0:00:01]} a2 {[%emt 0:00:03]} 35. Rf1 {[%emt 0:00:00]} Qb1 {[%emt 0:00:02]} 36. Rxb1 {[%emt 0:00:00]} axb1=Q+ {[%emt 0:00:01]} 37. Kh2 {[%emt 0:00:00]} b3 {[%emt 0:00:01]} 38. c5 {[%emt 0:00:01]} Qxf5 {[%emt 0:00:01]} 39. c6 {[%emt 0:00:01]} Qxh5+ {[%emt 0:00:01]} 40. Kg3 {[%emt 0:00:01]} Qd1 {[%emt 0:00:00]} 41. Qxb3 {[%emt 0:00:01]} Qxb3+ {[%emt 0:00:01]} 42. f3 {[%emt 0:00:00]} Qc4 {[%emt 0:00:01]} 43. Kh2 {[%emt 0:00:00]} Qxc6 {[%emt 0:00:01]} 44. Kg3 {[%emt 0:00:00] Time (Lag: Av=0.52s, max=4.7s)} 1-0